<?xml version="1.0" encoding="UTF-8"?>
<record
    xmlns:xsi="http://www.w3.org/2001/XMLSchema-instance"
    xsi:schemaLocation="http://www.loc.gov/MARC21/slim http://www.loc.gov/standards/marcxml/schema/MARC21slim.xsd"
    xmlns="http://www.loc.gov/MARC21/slim">

  <leader>00893naa a2200205 i 4500</leader>
  <controlfield tag="001">414</controlfield>
  <controlfield tag="003">KOSZ 005</controlfield>
  <controlfield tag="005">20180315124413.0</controlfield>
  <controlfield tag="008">140612s2006    pl     f     |100 0 pol d</controlfield>
  <datafield tag="040" ind1=" " ind2=" ">
    <subfield code="c">BPK</subfield>
    <subfield code="d">KOSZ 005/ac</subfield>
  </datafield>
  <datafield tag="080" ind1=" " ind2=" ">
    <subfield code="a">37.018.43</subfield>
  </datafield>
  <datafield tag="100" ind1="1" ind2=" ">
    <subfield code="a">KR&#xD3;LIKOWSKI, Tomasz.</subfield>
    <subfield code="d">1997 - .</subfield>
    <subfield code="b">Politechnika Koszali&#x144;ska - Wydzia&#x142; Mechaniczny,</subfield>
    <subfield code="c">Katedra Mechaniki Precyzyjnej</subfield>
  </datafield>
  <datafield tag="245" ind1="1" ind2="0">
    <subfield code="a">Formy kszta&#x142;cenia komplementarnego w zarysie /</subfield>
    <subfield code="c">Tomasz Kr&#xF3;likowski, Kazimierz Mikulski.</subfield>
  </datafield>
  <datafield tag="500" ind1=" " ind2=" ">
    <subfield code="a">Dane z bibliografii za&#x142;&#x105;cznikowej.</subfield>
  </datafield>
  <datafield tag="650" ind1=" " ind2="0">
    <subfield code="a">Nauczanie na odleg&#x142;o&#x15B;&#x107;.</subfield>
  </datafield>
  <datafield tag="655" ind1=" " ind2="0">
    <subfield code="a">Materia&#x142;y konferencyjne.</subfield>
  </datafield>
  <datafield tag="711" ind1="2" ind2="2">
    <subfield code="a">Konferencja "E-learning w szkolnictwie wy&#x17C;szym - trendy i analizy"</subfield>
    <subfield code="n">(3 ;</subfield>
    <subfield code="d">2006 ;</subfield>
    <subfield code="c">Bydgoszcz, Polska).</subfield>
  </datafield>
  <datafield tag="773" ind1="0" ind2=" ">
    <subfield code="i">W :</subfield>
    <subfield code="t">E-learning w szkolnictwie wy&#x17C;szym - trendy i analizy : materia&#x142;y konferencyjne. -</subfield>
    <subfield code="d">Bydgoszcz, 2006. -</subfield>
  </datafield>
  <datafield tag="942" ind1=" " ind2=" ">
    <subfield code="c">ROZ</subfield>
    <subfield code="2">UKD</subfield>
  </datafield>
  <datafield tag="999" ind1=" " ind2=" ">
    <subfield code="c">414</subfield>
    <subfield code="d">414</subfield>
  </datafield>
</record>
